| Tag |
First Indicator |
Second Indicator |
Subfields |
| LEADER |
00000cas a2200000 a 4500 |
| 001 |
in00002784875 |
| 005 |
20151202171854.0 |
| 006 |
m o d |
| 007 |
cr ||||||||||| |
| 008 |
101007d19821983iluqr poo 0 0eng c |
| 010 |
|
|
|a 2010235312
|
| 022 |
|
|
|l 0734-919X
|y 0734-919X
|
| 029 |
1 |
|
|a NLGGC
|b 331421453
|
| 035 |
|
|
|a (OCoLC)ocn669053443
|
| 035 |
|
|
|a (OCoLC)669053443
|
| 040 |
|
|
|a EYM
|c EYM
|d HUL
|d OCLCQ
|d TXA
|d UtOrBLW
|
| 042 |
|
|
|a pcc
|
| 049 |
|
|
|a TXAM
|
| 050 |
1 |
4 |
|a PN1993
|b .U63 Electronic
|
| 245 |
0 |
0 |
|a Journal of the University Film and Video Association.
|
| 246 |
1 |
|
|a J.U.F.V.A.
|
| 246 |
1 |
|
|a JUFVA
|
| 264 |
|
0 |
|a [Carbondale, Ill.] :
|b University Film Producers Association,
|c [1982-1983]
|
| 264 |
|
4 |
|c ©1982-1983
|
| 310 |
|
|
|a Quarterly
|
| 336 |
|
|
|a text
|b txt
|2 rdacontent
|
| 337 |
|
|
|a computer
|b c
|2 rdamedia
|
| 338 |
|
|
|a online resource
|b cr
|2 rdacarrier
|
| 362 |
1 |
|
|a Began with Vol. 34, no. 1 (winter 1982); ceased v. 35, no. 4 (fall 1983).
|
| 588 |
|
|
|a Description based on Vol. 34, no. 1 (winter 1982); title from cover (JSTOR, viewed Oct. 7, 2010).
|
| 588 |
|
|
|a Final issue consulted: Vol. 35, no. 4 (fall 1983) (JSTOR, viewed Oct. 7, 2010).
|
| 500 |
|
|
|a Electronic resource.
|
| 650 |
|
0 |
|a Motion pictures
|x History
|v Periodicals.
|
| 710 |
2 |
|
|a University Film and Video Association.
|
| 776 |
0 |
8 |
|i Print version:
|t Journal of the University Film and Video Association
|x 0734-919X
|w (DLC) 82645606
|w (OCoLC)8392102
|
| 780 |
0 |
0 |
|t Journal of the University Film Association
|w (DLC) 2010235311
|w (OCoLC)560253122
|
| 785 |
0 |
0 |
|t Journal of film and video (Online)
|x 1934-6018
|w (DLC) 2007216130
|w (OCoLC)50408878
|
| 948 |
|
|
|a cataloged
|b h
|c 2012/12/14
|d c
|e spoltoratski
|f 11:49:27 am
|g sc
|
| 994 |
|
|
|a C0
|b TXA
|
| 999 |
|
|
|a MARS
|
| 999 |
f |
f |
|s 4df215d4-8aa9-38f0-b4ea-d6755f721f5c
|i 4a43d4ed-d58d-31f2-95e3-5a1b5456234d
|t 0
|
| 952 |
f |
f |
|a Texas A&M University
|b College Station
|c Electronic Resources
|d Available Online
|t 0
|e PN1993 .U63
|g Electronic
|h Library of Congress classification
|
| 998 |
f |
f |
|a PN1993 .U63
|t 0
|l Available Online
|